00498nam a2200145Ia 4500008004100000082001600041082000800057245012700065245001400192260001400206300000900220942000800229999001900237952009600256231017s9999 xx 000 0 und d a388.1120994 bAUS 0aEconomic Evaluation of Road Investigation Proposals: Improved Methods for Estimating Australian Unit Crash costs (AP-R238) 0cAustroads bAustroads c30cm cREP c604296d604296 00104070aNITbNITd2023-10-17l0o388.1120994 AUSpNIT-1161r2023-10-17w2023-10-17yREP